000 01736nam0a2200289 i 4500
001 RU\NLR\BIBL_A\010348164
005 20260407104346.0
021 _aRU
_b2014-17050
_91078
035 _a(NILC)RuMoRGB-006756422
035 _a(NLR Aleph) 010348164
090 _a10734336
_c10734336
100 _a20140428d2013 u y0rusy50 ca
101 0 _arus
102 _aRU
105 _aa|||j|||000zy
200 1 _aРазработка технологии производства высокопрочной низколегированной стали улучшенного качества по европейскому стандарту EN 10028-6:2003
_eметодические указания к курсовой работе по дисциплине "Внепечная обработка стали"
_fМ-во образования и науки Российской Федерации, Федеральное гос. бюджетное образовательное учреждение высш. проф. образования "Липецкий гос. технический ун-т"
_gсост.: С. В. Себякин, А. Н. Роготовский
210 _aЛипецк
_cЛипецкий гос. технический ун-т
_d2013
215 _a48 с.
_cил., табл.
_d21
320 _aБиблиогр.: с. 46
675 _a669.18(075.8)
702 1 _aСебякин
_bС. В.
_gСергей Владимирович
_4220
712 0 2 _4475
_aЛипецкий государственный технический университет
_9363556
_3RU\NLR\AUTH\889934201
801 0 _aRU
_bRuMoRKP
_c20140311
_gRCR
801 2 _aRU
_bРГБ
_c20140403
_grcr
942 _cBOOK
980 _aNBR